000 00552nam a2200181Ia 4500
008 090124s9999 xx 000 0 und d
082 _b128463
100 _aकरंदीकर सुमा
245 _a रास ( आत्मचरित्र )
250 _a1
260 _c1998
300 _a110
600 _aकरंदीकर सुमा
630 _a रास ( आत्मचरित्र )
700 _aकरंदीकर सुमा
730 _a रास ( आत्मचरित्र )
942 _cBOOK
999 _c174552
_d174552